Lí thuyết hệ thống và điều khiển hệ thống

সংরক্ষণ করুন:
গ্রন্থ-পঞ্জীর বিবরন
প্রধান লেখক: Bùi, Trọng Tuân (Biên soạn)
বিন্যাস: গ্রন্থ
প্রকাশিত: Hà Nội Thông tin và truyền thông 2003
বিষয়গুলি:
ট্যাগগুলো: ট্যাগ যুক্ত করুন
কোনো ট্যাগ নেই, প্রথমজন হিসাবে ট্যাগ করুন!
Thư viện lưu trữ: Trung tâm Học liệu Lê Vũ Hùng, Trường Đại học Đồng Tháp
LEADER 00932pam a22003018a 4500
001 00037285
005 20171026081023.0
008 170511s2003 ||||||Viesd
041 0 # |a Vie 
082 1 4 |a 658  |b L300TH 
100 1 # |a Bùi, Trọng Tuân  |e Biên soạn 
245 1 0 |a Lí thuyết hệ thống và điều khiển hệ thống  |c Bùi Trọng Tuân 
260 # # |a Hà Nội  |c 2003  |b Thông tin và truyền thông 
300 # # |a 40tr.  |c 27 cm. 
653 # # |a Lí thuyết 
653 # # |a hệ thống 
653 # # |a điều khiển hệ thống 
653 # # |a Điều khiển học 
852 # # |b Kho mượn  |j KM.0021703 
852 # # |j KD.0020625  |j KM.0021703 
852 # # |b Kho đọc  |j KD.0020625 
910 |d 11/05/2017 
980 # # |a Trung tâm Học liệu Lê Vũ Hùng, Trường Đại học Đồng Tháp